| 000 | 00481nam a2200193Ia 4500 | ||
|---|---|---|---|
| 003 | OSt | ||
| 005 | 20230425112831.0 | ||
| 008 | 210423s2011 xx 000 0 und d | ||
| 020 | _a9780071077934 | ||
| 040 | _cAL | ||
| 041 | _aeng | ||
| 082 |
_a658 _223 _bRUDR |
||
| 100 |
_aRUDANI (Ramesh B). _992453 |
||
| 245 | _aManagement and organisational behaviour. | ||
| 260 |
_aNew Delhi _bTata McGrawhill _c2011 |
||
| 300 |
_axiii,770 _bPB |
||
| 365 |
_b375 _cINR |
||
| 942 |
_2ddc _cBK |
||
| 999 |
_c160984 _d160984 |
||